Most streamed Travis Scott Songs - Statistiken

Allgemein
  • Dieses Quiz wurde 224 mal gespielt
  • Das Durchschnittsergebnis liegt bei 7 aus 15
Antwortstatistiken
Hint Antwort % Korrekt
Utopia Fein
93%
Astroworld Sicko Mode
90%
B.I.T.T.S.M.K goosebumps
78%
Single Highest in the Room
68%
Astroworld Butterfly effect
61%
Utopia My eyes
54%
Astroworld Stargazing
48%
Rodeo 90210
46%
Jackboys Out West
46%
Rodeo Antidote
34%
Utopia I know
32%
Astroworld Cant say
20%
Astroworld 5% Tint
18%
Astroworld Yosemite
15%
B.I.T.T.S.M.K pick up the phone
14%
Keine übereinstimmenden Quizze gefunden
Verteilung der Resultate
Anzahl Personen mit jedem Resultat
Perzentil nach korrekt beantworteten Fragen
Ihre Resultats-Entwicklung
Sie haben dieses Quiz noch nicht gespielt